[Event "Montigny le Bretonneux Noel op 12th"]
[Site "Montigny le Bretonneux"]
[Date "2009.12.30"]
[Round "6"]
[White "Legrix, Jean Marie"]
[Black "Branson, James"]
[Result "0-1"]
[WhiteElo "1895"]
[BlackElo "1680"]
[PlyCount "71"]
[EventDate "2009.12.26"]
[EventType "swiss"]
[EventRounds "7"]
[EventCountry "FRA"]
[SourceTitle "EXT 2011"]
[Source "ChessBase"]
[SourceDate "2010.11.26"]
[SourceVersion "1"]
[SourceVersionDate "2010.11.26"]
[SourceQuality "1"]

1. d4 Nf6 2. c4 e6 3. Nf3 d5 4. Bg5 c6 5. Nc3 Nbd7 6. e3 Qa5 7. cxd5 Nxd5 8. Qd2 Nxc3 9. bxc3 b5 10. Bd3 Bb7 11. 0-0 c5 12. e4 cxd4 13. Nxd4 b4 14. Bb5 Bc8 15. c4 Qc7 16. Nc6 f6 17. Bf4 Qb6 18. Bd6 Kf7 19. Qxb4 Ne5 20. Bxf8 Rxf8 21. Qe7+ Kg8 22. Nxe5 fxe5 23. Rad1 Rb8 24. Be8 Qb4 25. Bf7+ Kh8 26. c5 Ba6 27. Rfe1 Qb2 28. Qd6 g6 29. Qxe6 Kg7 30. Rd7 Rb7 31. Be8+ Rxd7 32. Qxd7+ Kh8 33. Bf7 Bc4 34. Qd1 Rxf7 35. f3 Qd4+ 36. Qxd4 0-1

[Event "Elancourt op"]
[Site "Elancourt"]
[Date "2005.04.28"]
[Round "7"]
[White "Legrix, Jean Marie"]
[Black "Appavou, Calixte"]
[Result "1-0"]
[WhiteElo "1976"]
[BlackElo "1960"]
[PlyCount "37"]
[EventDate "2005.04.23"]
[EventType "swiss"]
[EventRounds "9"]
[EventCountry "FRA"]
[SourceTitle "CBM 105 Extra"]
[Source "ChessBase"]
[SourceDate "2005.05.01"]
[SourceVersion "1"]
[SourceVersionDate "2005.05.01"]
[SourceQuality "1"]

1. d4 d5 2. Nf3 Nf6 3. e3 Nbd7 4. c4 e6 5. Nc3 c6 6. Bd3 Bd6 7. 0-0 0-0 8. b3 e5 9. dxe5 Nxe5 10. Nxe5 Bxe5 11. Bb2 Ng4 12. g3 Nxh2 13. Qh5 g6 14. Qxh2 h5 15. Na4 Bxb2 16. Nxb2 Kg7 17. Rad1 Bg4 18. f3 Be6 19. Qf2 1-0

[Event "Creon op 9th"]
[Site "Creon"]
[Date "2004.08.03"]
[Round "2"]
[White "Legrix, Jean Marie"]
[Black "Bruned, Yvalin"]
[Result "0-1"]
[WhiteElo "2069"]
[BlackElo "2251"]
[PlyCount "70"]
[EventDate "2004.08.02"]
[EventType "swiss"]
[EventRounds "9"]
[EventCountry "FRA"]
[SourceTitle "CBM 101 Extra"]
[Source "ChessBase"]
[SourceDate "2004.09.01"]
[SourceVersion "2"]
[SourceVersionDate "2004.09.01"]
[SourceQuality "1"]

1. d4 Nf6 2. Nf3 e6 3. e3 b6 4. Bd3 Bb7 5. 0-0 Be7 6. c4 0-0 7. Nc3 d5 8. b3 c5 9. Bb2 Nc6 10. Rc1 cxd4 11. exd4 Rc8 12. Re1 Nb4 13. Bf1 Ne4 14. a3 Nxc3 15. Rxc3 Nc6 16. c5 bxc5 17. dxc5 Bf6 18. Rc2 Bxb2 19. Rxb2 Qa5 20. Qc2 Nd4 21. Nxd4 Qxe1 22. b4 Qe5 23. Nb5 Ba6 24. Nxa7 Bxf1 25. Nxc8 Bc4 26. Ne7+ Kh8 27. Qd2 Qc7 28. b5 Qxe7 29. Qe3 Qf6 30. Rb1 Bxb5 31. Qb3 Bc4 32. Qb7 Ba2 33. Qb8 Kg8 34. Rb2 Qc3 35. h3 Qxc5 0-1

[Event "Saint Quentin op 6th"]
[Site "Elancourt"]
[Date "2003.04.19"]
[Round "9"]
[White "Legrix, Jean Marie"]
[Black "Lafortune, Guillaume"]
[Result "1/2-1/2"]
[WhiteElo "1990"]
[BlackElo "1560"]
[PlyCount "48"]
[EventDate "2003.04.12"]
[EventType "swiss"]
[EventRounds "9"]
[EventCountry "FRA"]
[SourceTitle "CBM 093 Extra"]
[Source "ChessBase"]
[SourceDate "2003.05.09"]
[SourceVersion "1"]
[SourceVersionDate "2003.05.09"]
[SourceQuality "1"]

1. d4 Nf6 2. c4 e6 3. Nf3 b6 4. g3 Bb7 5. Bg2 c5 6. 0-0 Be7 7. Nc3 0-0 8. d5 exd5 9. cxd5 d6 10. Nd2 Na6 11. Nc4 Qd7 12. a4 Nc7 13. Bf4 Nh5 14. Bxd6 Bxd6 15. e4 Nf6 16. e5 Bxe5 17. Nxe5 Qd6 18. Nc4 Qd7 19. Ne3 Rfd8 20. d6 Nce8 21. Bxb7 Qxb7 22. Nf5 Ne4 23. Qg4 Nd2 24. Nd5 Rxd6 1/2-1/2